Loading...
| History - American History | 0 | 10 | 1 | 0 | 95 | 33 | 74.50 | 5 | 8 |
| History - European History | 0 | 6 | 1 | 0 | 55 | 58 | 95.00 | 0 | 0 |
| Any History | 0 | 7 | 3 | 0 | 55 | 61 | 74.43 | 1 | 3 |
| Social Science | 0 | 5 | 0 | 0 | 50 | 57 | 93.60 | 0 | 2 |
| Painting & Sculpture | 0 | 3 | 0 | 0 | 30 | 40 | 61.00 | 1 | 2 |
| Current Events | 0 | 3 | 1 | 0 | 25 | 21 | 69.00 | 1 | 1 |
| Literature - European Literature | 0 | 2 | 0 | 0 | 20 | 76 | 90.00 | 0 | 0 |
| Literature - World Literature | 0 | 2 | 0 | 0 | 20 | 68 | 88.50 | 0 | 1 |
| Philosophy | 0 | 2 | 0 | 0 | 20 | 88 | 112.50 | 0 | 0 |
| Literature - American Literature | 0 | 2 | 0 | 1 | 20 | 143 | 143.50 | 0 | 0 |
| Religion | 0 | 2 | 0 | 0 | 20 | 103 | 111.00 | 0 | 0 |
| Literature - British Literature | 0 | 1 | 0 | 0 | 10 | 104 | 104.00 | 0 | 0 |
| History - World History | 0 | 2 | 3 | 0 | 5 | 86 | 94.00 | 0 | 0 |
| Science - Physics | 0 | 0 | 1 | 0 | -5 | 0.00 | 0 | 0 | |
| Mythology | 0 | 0 | 1 | 0 | -5 | 0.00 | 0 | 0 |